000
00260nam a2200097Ia 4500
001
645014
005
20250826153615.0
008
250824s9999 xx 000 0 und d
245
0
_a
ALİCE HARİKALAR DİYARINDA
_c
LEWIS CARROL
260
_b
ANTİK DÜNYA KLASİKLERİ
999
_c
645014
_d
645014